Material Composition and Properties of Fiber-Reinforced Heavyweight Self-Compacting Concrete

Saved in:
Bibliographic Details
Main Author: Čepčianska, Jana (Author)
Other Authors: Palou, Martin Tchingnabé (Thesis advisor)
Format: Manuscript Book
Language:Slovak
English
Published: 2024
Subjects:
Online Access:http://is.stuba.sk/zp/portal_zp.pl?podrobnosti=166637
Tags: Add Tag
No Tags, Be the first to tag this record!

MARC

LEADER 00000ntm a22000003a 4500
001 stuzp82461
003 SK-STU
005 20241130210253.9
007 ta
008 150427s2015----xo-----f-mn---000-0-slo-d
040 |a STU  |b slo 
041 0 |a eng 
100 1 |a Čepčianska, Jana  |u 010000  |4 aut  |T SvF Stavebná fakulta  |X 58734  |U V  |Y 10  |7 58734 
242 0 1 |a Materiálové zloženie a vlastnosti ťažkých samozhutňujúcich vláknobetónov  |y slo 
245 1 0 |a Material Composition and Properties of Fiber-Reinforced Heavyweight Self-Compacting Concrete 
260 |c 2024 
650 4 |a samozhutniteľný vysokopevnostný betón  |2 slo 
650 4 |a ťažké kamenivo  |2 slo 
650 4 |a vlákna  |2 slo 
650 4 |a cement nahrádzajúce prímesi  |2 slo 
650 4 |a supplementary cementitious materials  |2 eng 
650 4 |a self-compacting high-strength concrete  |2 eng 
650 4 |a heavy-weight aggregates  |2 eng 
650 4 |a fibers  |2 eng 
700 1 |a Palou, Martin Tchingnabé  |u 042110  |k Z8  |4 ths  |U FCHPT Ústav anorganickej chémie, technológie a materiálov  |T FCHPT Oddelenie anorganických materiálov  |X 3891  |U C2110  |Y 110  |7 A000003891 
856 4 |u http://is.stuba.sk/zp/portal_zp.pl?podrobnosti=166637